Design of experiments to find optimal conditions: A programmed introduction to the design of experiments (Record no. 24146)

MARC details
000 -LEADER
fixed length control field 00365nam a2200121Ia 4500
082 ## - DEWEY DECIMAL CLASSIFICATION NUMBER
Classification number 062
Item number ADL
100 ## - MAIN ENTRY--AUTHOR NAME
Personal name Adler, Yu P
245 #0 - TITLE STATEMENT
Title Design of experiments to find optimal conditions: A programmed introduction to the design of experiments
260 ## - PUBLICATION, DISTRIBUTION, ETC. (IMPRINT)
Place of publication Moscow
Name of publisher Mir
Year of publication 1975
505 ## - FORMATTED CONTENTS NOTE
Formatted contents note Tr by Leib, G
942 ## - ADDED ENTRY ELEMENTS (KOHA)
Koha item type Books
Holdings
Withdrawn status Lost status Damaged status Not for loan Home library Current library Date acquired Cost, normal purchase price Full call number Accession Number Koha item type
        RRII Library RRII Library 16/12/2021 10.00 062 ADL 04831 Books